Les orientations politiques des youtubeurs français - Statistiques

Statistiques générales
  • Ce quiz a été pris 1 701 fois
  • Le résultat moyen est 9 sur 9
Statistiques - réponses
Hint Réponse % Correct
Michou Droite
99%
TiboInshape Droite
99%
Cyprien Gauche
99%
Squeezie Extrême-gauche
94%
Mister V Extrême-gauche
94%
Mastu Extrême-gauche
94%
Amixem Extrême-droite
93%
Inoxtag Centre
92%
Joyca Centre
92%
Aucun quiz correspondant
Distribution des résultats
% des personnes avec chaque résultat
Percentile par nombre de réponses
Votre historique - résultats
Vous n’avez pas pris ce quiz